The forest-atmosphere interaction : proceedings of the Forest Environmental Measurements Conference held at Oak Ridge, Tennessee, October 23- 28, 1983 /

Bibliographic Details
Corporate Author: Forest Environmental Measurements Conference Oak Ridge, Tenn.
Other Authors: Hutchison, Boyd A., Hicks, B. B.
Format: Conference Proceeding Book
Language:English
Published: Dordrecht ; Boston : D. Reidel ; [1985]
Subjects:

MARC

Tag First Indicator Second Indicator Subfields
LEADER 00000cam a2200000 a 4500
001 in00000015674
005 20151007052556.0
008 841207s1985 enka b 10110 eng
010 |a  84027623  
020 |a 9027719365 
035 |a (OCoLC)11533377 
035 |9 AAA8349AM 
040 |a DLC  |c DLC  |d OCL  |d m/c  |d TXA  |d UtOrBLW 
049 |a TXAM  |c [A11056388] 
050 0 0 |a QK938.F6  |b F66 1983 
070 0 |a QK938.F6F59  |b 1983 
082 0 |a 574.5/2642  |2 19 
111 2 |a Forest Environmental Measurements Conference  |d (1983 :  |c Oak Ridge, Tenn.) 
245 1 4 |a The forest-atmosphere interaction :  |b proceedings of the Forest Environmental Measurements Conference held at Oak Ridge, Tennessee, October 23- 28, 1983 /  |c edited by B.A. Hutchison and B.B. Hicks, with editorial assistance from L.W. Gay, K.L. Perttu, J.B. Stewart. 
264 1 |a Dordrecht ;  |a Boston :  |b D. Reidel ;  |c [1985] 
264 2 |a Hingham, MA, U.S.A. :  |b Sold and distributed in the U.S.A. and Canada by Kluwer Academic Publishers, 
264 4 |c ©1985 
300 |a xix, 648 pages :  |b illustrations ;  |c 25 cm. 
336 |a text  |b txt  |2 rdacontent 
337 |a unmediated  |b n  |2 rdamedia 
338 |a volume  |b nc  |2 rdacarrier 
504 |a Includes bibliographies. 
500 |a Includes index. 
650 0 |a Forest ecology  |v Congresses. 
650 0 |a Forest meteorology  |x Congresses. 
650 0 |a Environmental monitoring  |v Congresses. 
700 1 |a Hutchison, Boyd A. 
700 1 |a Hicks, B. B. 
999 |a MARS 
999 f f |s 5fbb774f-e697-3c45-ad09-99c932fa5a7d  |i e328c64e-8eff-3b7d-a328-5c65b4999abe  |t 0 
952 f f |p ric  |a Texas A&M University  |b Rellis Campus  |c Joint Library Facility  |d Remote Storage  |t 0  |e QK938.F6 F66 1983  |h Library of Congress classification  |i unmediated -- volume  |m A14823634207 
998 f f |a QK938.F6 F66 1983  |t 0  |l Remote Storage